| 000 | 00856nam a2200229 a 4500 | ||
|---|---|---|---|
| 001 | 000336411 | ||
| 003 | AM-YeHGA | ||
| 005 | 20260414104226.0 | ||
| 008 | 040519s1861 un ||||gr|||||||||0|arm|d | ||
| 040 | _aAM-YeHGA | ||
| 041 | 0 | _aarm | |
| 100 | 0 |
_aԵղիշե, _dV դ. _93323 |
|
| 245 | 1 | 0 |
_aՊատմութիւն Վարդանանց : _bԸստ Անձեւացեացն օրինակի / _cԵղիշէ. |
| 260 |
_aԹէոդոսիա : _bտպ. Խալիպեան, _c1861. |
||
| 300 |
_a341 էջ ; _c15 սմ. |
||
| 500 | _aՇարվ.՝ 11,5X7 սմ. | ||
| 500 | _aՏիտղթ. վրա զարդ. | ||
| 504 | _aՑանկ. էջ` 328-341 | ||
| 650 | 1 | 4 |
_aՀայոց պատմություն _xԱվարայրի ճակատամարտ _d451 |
| 856 | 4 | 1 |
_uhttps://haygirk.nla.am/upload/1512-1940/1851-1900/Patmutin_vardananc_1861.pdf _yԿարդալ առցանց |
| 942 | 0 |
_2udc _cBK |
|
| 999 |
_c126837 _d126837 |
||